Statistics for NZ towns and Things

Click here to take the quiz!

General Stats

  • This quiz has been taken 8 times
  • The average score is 9 of 16

Answer Stats

Answer% Correct
Auckland
88%
Kiwi
88%
Queenstown
88%
Rotorua
88%
Wellington
88%
Christchurch
75%
pavlova
75%
Sheep
75%
Milford Sound
63%
Air NZ
50%
Hobbiton
50%
Abel Tasman
25%
Wanaka Tree
25%
Aoraki Mt cook
13%
Pohutukawa
13%
TSS earnslaw
13%

Score Distribution

Percentile by Number Answered

Percent of People with Each Score

Your Score History

You have not taken this quiz